| 000 | 00849nam a2200253 i 4500 | ||
|---|---|---|---|
| 003 | IT-RoINE | ||
| 005 | 20190403090433.0 | ||
| 008 | 970324s2001 sp |||||r |||0|||esp d | ||
| 020 | _a8471960346 | ||
| 040 |
_bIT-RoINE _cIT-RoINE |
||
| 041 | 7 |
_aspa _2ISO-639-2 |
|
| 100 | 1 |
_aFontana, Josep, _d1931-2018 _96963 |
|
| 245 | 1 | 3 |
_aLa revolución liberal : _bpolitica y hacienda en 1833-1845 / _cJosep Fontana Lázaro. |
| 250 | _32ª ed. | ||
| 260 |
_aMadrid : _bMinisterio de hacienda, Instituto de estudio fiscales, _c2001. |
||
| 300 |
_a214 p. ; _c25 cm. |
||
| 336 |
_2rdacontent _atext |
||
| 337 |
_2rdamedia _aunmediated |
||
| 338 |
_2rdacarrier _avolume |
||
| 504 | _aBibliografía: p. [193]-214. | ||
| 650 | 4 |
_aHistoria económica _zEspaña _y1833-1845 _958471 |
|
| 651 | 4 |
_916677 _aEspaña _xHistoria _y1833-1840 (Guerra carlista) |
|
| 942 | _cMTS | ||
| 999 |
_c29864 _d29864 |
||